000 00533nam a2200181Ia 4500
005 20250326125437.0
008 250326s9999 xx 000 0 und d
037 _aTextbook
040 _aFMSL
_beng
_cFMSL
041 _aeng
_2eng
084 _aY(X:8) N0
_qFMSL
100 _aSharma A
_982461
245 0 _aSocial responsibilities of technologists, scientists and managers
_cSharma A; Sharan R
260 _aNew Delhi
_bNew Delhi, Gian
_c1990
300 _a175p
942 _cTB
_hY(X:8) N0
999 _c1278087
_d1278087